000 00594nam a2200205Ia 4500
008 180523s9999 xx 000 0 und d
020 _a978-81-7245-455-5
050 _aREF PC 4112
050 _b.A38
100 _aAgundez, Diego A.
245 0 _aSpanish made easy /
245 0 _cby Diego A. Agundez, Rashmi Varma
260 _aNew Delhi, India :
260 _bGoodwill Publishing House,
300 _a198 pages :
300 _c22 cm.
650 _aSpanish language -- Grammar.
650 _aSpanish language -- Self-instruction.
650 _xSpanish language -- Spoken Spanish.
999 _c357884
_d357884